000 00705nam a2200241 a 4500
001 BRCA_5692
005 20190320205201.0
008 020311t1946----mx-#######---#000-1#spa-#
041 _aspa
044 _amx
050 4 _aF2686.L9
_b.K78 1946
100 1 _aKrüger, Hilde
_914458
245 1 0 _aElysa Lynch o la tragedia como destino
_cHilde Krüger.
260 _aMéxico
_bCultura
_c1946
300 _a91 p.
_c17 cm.
500 _aIncluye nota con dedicatoria de la autora al Sr. Franz Mayer
500 _aH14
600 1 4 _aLynch, Elisa Alicia
_d1835-1886
_914459
650 1 4 _aHistoria
_zParaguay
_914460
700 1 _aLópez, Francisco Solano
_d1827-1870
_914461
902 _aGFM
942 _2lcc
_cB
999 _c5385
_d5385